[Event "Quebec-ch qual2"]
[Site "Montreal"]
[Date "2006.05.20"]
[Round "2"]
[White "Bolduc, Rene"]
[Black "Moore, Ronald"]
[Result "1/2-1/2"]
[WhiteElo "1409"]
[BlackElo "1659"]
[PlyCount "81"]
[EventDate "2006.05.19"]
[EventType "swiss"]
[EventRounds "5"]
[EventCountry "CAN"]
[SourceTitle "EXT 2007"]
[Source "ChessBase"]
[SourceDate "2006.11.23"]
[SourceVersion "1"]
[SourceVersionDate "2006.11.23"]
[SourceQuality "1"]

1. d4 f5 2. c4 Nf6 3. Nc3 e6 4. g3 d5 5. Bg5 c6 6. cxd5 exd5 7. Bg2 Be7 8. Nf3 0-0 9. Qb3 Ne4 10. Bxe7 Qxe7 11. Ne5 Bd7 12. f3 Nf6 13. 0-0 Na6 14. Nd3 Rac8 15. Qa4 g5 16. Nc5 Nxc5 17. Qa3 Rf7 18. Qxc5 b6 19. Qxe7 Rxe7 20. e4 f4 21. Rae1 Rd8 22. e5 Nh5 23. g4 Ng7 24. Re2 h5 25. h3 Bc8 26. Rc1 Ne6 27. Rd2 Rh7 28. b4 b5 29. a4 a6 30. Bf1 hxg4 31. hxg4 Bb7 32. axb5 cxb5 33. Ne2 Rc8 34. Rxc8+ Bxc8 35. Rc2 Rc7 36. Rxc7 Nxc7 37. Nc3 Bb7 38. Bd3 Ne6 39. Ne2 Nd8 40. Nc3 Ne6 41. Ne2 1/2-1/2